[Event "Caorle op-B"]
[Site "Caorle"]
[Date "1991.07.09"]
[Round "4.41"]
[White "Fontanella, Alain"]
[Black "De Anna, Franco"]
[Result "0-1"]
[WhiteElo "1719"]
[BlackElo "1800"]
[PlyCount "90"]
[EventDate "1991.07.05"]
[EventType "swiss"]
[EventRounds "8"]
[EventCountry "ITA"]
[SourceTitle "EXT 2023"]
[Source "ChessBase"]
[SourceDate "2022.10.05"]
[SourceVersion "1"]
[SourceVersionDate "2022.10.05"]
[SourceQuality "1"]

1. f4 e6 2. Nf3 d5 3. c4 Nf6 4. d4 Be7 5. Nc3 0-0 6. g3 Nbd7 7. Bg2 dxc4 8. e4 c6 9. h3 Rb8 10. g4 b5 11. Ne5 Nxe5 12. fxe5 Nd7 13. 0-0 Bb7 14. Ne2 Nb6 15. Be3 Rc8 16. Nf4 Qd7 17. Qd2 Rfd8 18. Rad1 b4 19. Kh2 Ba6 20. Rf3 c5 21. Qf2 Qe8 22. d5 Bb7 23. Nh5 Nd7 24. Bf4 Bf8 25. Bg3 exd5 26. exd5 Nxe5 27. Re3 Bd6 28. Rde1 f6 29. Qf5 Qf7 30. Be4 Ng6 31. Bxd6 Rxd6 32. Bb1 Qxd5 33. Qf2 Rcd8 34. Be4 Qe5+ 35. Ng3 Bxe4 36. Rxe4 Qd5 37. Nf5 R6d7 38. h4 Ne5 39. g5 Nd3 40. Qe3 Ne5 41. Qg3 Qd2+ 42. R1e2 Qd3 43. R2e3 Qf1 44. Re2 Nf3+ 45. Qxf3 Qxf3 0-1

[Event "Caorle op-B"]
[Site "Caorle"]
[Date "1991.07.07"]
[Round "2.47"]
[White "Carnio, Fortunato"]
[Black "De Anna, Franco"]
[Result "0-1"]
[WhiteElo "1734"]
[BlackElo "1800"]
[PlyCount "88"]
[EventDate "1991.07.05"]
[EventType "swiss"]
[EventRounds "8"]
[EventCountry "ITA"]
[SourceTitle "EXT 2023"]
[Source "ChessBase"]
[SourceDate "2022.10.05"]
[SourceVersion "1"]
[SourceVersionDate "2022.10.05"]
[SourceQuality "1"]

1. e4 e6 2. d4 d5 3. Nc3 Nf6 4. e5 Nfd7 5. f4 c5 6. Nf3 Nc6 7. Be3 Qb6 8. Na4 Qa5+ 9. Nc3 cxd4 10. Nxd4 Bb4 11. Ndb5 a6 12. Nd6+ Bxd6 13. exd6 Qb4 14. Bd2 Qxd6 15. a3 0-0 16. b4 Nf6 17. Bd3 e5 18. 0-0 e4 19. Be2 d4 20. Na4 Be6 21. Be1 Nd5 22. Bd2 e3 23. Be1 Nxf4 24. Bg3 Nxe2+ 25. Qxe2 Qe7 26. Nc5 Rad8 27. Rae1 b5 28. Qh5 Rd5 29. Qf3 Ne5 30. Qe4 f5 31. Bh4 Qxc5 32. Qxe5 Rxe5 33. bxc5 Bc4 34. Rf3 f4 35. Ra1 g5 36. Be1 g4 37. Rf1 Bxf1 38. Kxf1 f3 39. Bg3 Ref5 40. gxf3 gxf3 41. c6 Rc8 42. c7 Rc5 43. Ra2 d3 44. Bf4 d2 0-1

[Event "Caorle op-B"]
[Site "Caorle"]
[Date "1991.07.06"]
[Round "1.17"]
[White "De Anna, Franco"]
[Black "Stipic, Bruno"]
[Result "0-1"]
[WhiteElo "1800"]
[BlackElo "2000"]
[PlyCount "82"]
[EventDate "1991.07.05"]
[EventType "swiss"]
[EventRounds "8"]
[EventCountry "ITA"]
[SourceTitle "EXT 2023"]
[Source "ChessBase"]
[SourceDate "2022.10.05"]
[SourceVersion "1"]
[SourceVersionDate "2022.10.05"]
[SourceQuality "1"]

1. d4 d5 2. c4 Bf5 3. Nc3 e6 4. Nf3 Nc6 5. a3 Nf6 6. Bg5 Be7 7. e3 0-0 8. Bd3 Bg4 9. 0-0 dxc4 10. Bxc4 h6 11. Bh4 g5 12. Bg3 Nh5 13. Be2 Ng7 14. h3 Bh5 15. Ne5 Bxe2 16. Qxe2 Nxe5 17. Bxe5 f6 18. Bh2 Qd7 19. Rac1 a6 20. Rfd1 Rf7 21. Ne4 Bd6 22. Nxd6 cxd6 23. Qc4 Ne8 24. Rc2 Kg7 25. Rdc1 Kg8 26. e4 Rg7 27. f4 gxf4 28. Bxf4 Kh7 29. Qe2 e5 30. dxe5 fxe5 31. Bh2 Qxh3 32. Rc3 Qh4 33. Kh1 Nf6 34. Rh3 Qxe4 35. Qd2 Ng4 36. Re1 Qf5 37. Bg1 Qg6 38. Re2 Rf8 39. Qe1 Rf5 40. Re4 Rh5 41. Qf1 Rxh3+ 0-1

[Event "Secondario 15th"]
[Site "Caorle"]
[Date "1990.07.11"]
[Round "5.14"]
[White "De Anna, Franco"]
[Black "De Poi, Paolo"]
[Result "0-1"]
[WhiteElo "1800"]
[BlackElo "1800"]
[PlyCount "116"]
[EventDate "1990.07.07"]
[EventType "swiss"]
[EventRounds "8"]
[EventCountry "ITA"]
[SourceTitle "EXT 2023"]
[Source "ChessBase"]
[SourceDate "2022.10.05"]
[SourceVersion "1"]
[SourceVersionDate "2022.10.05"]
[SourceQuality "1"]

1. d4 d5 2. c4 e5 3. cxd5 Qxd5 4. e3 exd4 5. exd4 Nc6 6. Nf3 Bg4 7. Be2 Bb4+ 8. Bd2 Nge7 9. Nc3 Qd7 10. 0-0 0-0 11. a3 Ba5 12. b4 Bb6 13. Na4 Rad8 14. Nxb6 axb6 15. Bc3 Nd5 16. Bd2 Bxf3 17. Bxf3 Nxd4 18. Rc1 Nxf3+ 19. Qxf3 b5 20. Rfd1 c6 21. Bc3 Qe6 22. Re1 Qg6 23. Ba1 Rfe8 24. h3 f6 25. Kh2 h6 26. Rcd1 Rxe1 27. Rxe1 Re8 28. Rd1 Qe4 29. Rd3 Qxf3 30. Rxf3 Kf7 31. g3 Nb6 32. Rd3 Nc4 33. Rd7+ Re7 34. Rd3 Ke8 35. Kg2 Rd7 36. Rf3 Rd2 37. Bc3 Ra2 38. Rf4 Rxa3 39. Re4+ Kf7 40. Bd4 Rd3 41. Bc5 Rd7 42. f4 f5 43. Re1 Nb2 44. Re2 Nd3 45. Kf3 Nxc5 46. bxc5 Rd5 47. Rc2 Rd3+ 48. Kf2 b4 49. Rc4 Rb3 50. Rd4 Ke6 51. Rd6+ Ke7 52. Rg6 Kf8 53. Rd6 Ra3 54. Rd7 Ra5 55. Rxb7 Rb5 56. Rxb5 cxb5 57. Ke2 Ke7 58. Kd3 Ke6 0-1

[Event "Secondario 15th"]
[Site "Caorle"]
[Date "1990.07.10"]
[Round "4.12"]
[White "Giangregorio, Pasquale"]
[Black "De Anna, Franco"]
[Result "1/2-1/2"]
[WhiteElo "1809"]
[BlackElo "1800"]
[PlyCount "49"]
[EventDate "1990.07.07"]
[EventType "swiss"]
[EventRounds "8"]
[EventCountry "ITA"]
[SourceTitle "EXT 2023"]
[Source "ChessBase"]
[SourceDate "2022.10.05"]
[SourceVersion "1"]
[SourceVersionDate "2022.10.05"]
[SourceQuality "1"]

1. c4 e6 2. Nc3 d5 3. d4 Nf6 4. Nf3 Be7 5. e3 0-0 6. cxd5 exd5 7. Bd3 Nbd7 8. 0-0 c6 9. b3 Re8 10. Bb2 Nf8 11. h3 Bd6 12. Rc1 Ne4 13. Bb1 Bf5 14. Re1 Bg6 15. Nxe4 dxe4 16. Ne5 Bxe5 17. dxe5 Qg5 18. Qd4 Ne6 19. Qc5 Rad8 20. Red1 Bf5 21. Kf1 Qh4 22. f4 Qg3 23. Bxe4 Qh2 24. Rxd8 Rxd8 25. Bxf5 1/2-1/2

[Event "Secondario 15th"]
[Site "Caorle"]
[Date "1990.07.08"]
[Round "2.21"]
[White "Vacca, Alessandro"]
[Black "De Anna, Franco"]
[Result "1/2-1/2"]
[WhiteElo "1830"]
[BlackElo "1800"]
[PlyCount "61"]
[EventDate "1990.07.07"]
[EventType "swiss"]
[EventRounds "8"]
[EventCountry "ITA"]
[SourceTitle "EXT 2023"]
[Source "ChessBase"]
[SourceDate "2022.10.05"]
[SourceVersion "1"]
[SourceVersionDate "2022.10.05"]
[SourceQuality "1"]

1. e4 e6 2. d4 d5 3. Nc3 Bb4 4. e5 c5 5. a3 Bxc3+ 6. bxc3 Ne7 7. Nf3 0-0 8. Bd3 h6 9. g4 c4 10. Be2 Nbc6 11. g5 Nf5 12. h4 Kh7 13. h5 Nce7 14. Nh4 Bd7 15. Bf4 b5 16. Qd2 a5 17. Bg4 Nxh4 18. Rxh4 Ng8 19. Bf3 hxg5 20. Bxg5 f6 21. exf6 gxf6 22. Be3 Ne7 23. Ke2 Rg8 24. Rg4 Nf5 25. Rag1 Qe7 26. Qc1 Rxg4 27. Bxg4 Nxe3 28. Qxe3 Qf7 29. Bf3 Rg8 30. Rxg8 Qxg8 31. Qf4 1/2-1/2

[Event "Secondario 15th"]
[Site "Caorle"]
[Date "1990.07.07"]
[Round "1.10"]
[White "De Anna, Franco"]
[Black "Bukal, Vladimir Jr"]
[Result "1/2-1/2"]
[WhiteElo "1800"]
[BlackElo "1800"]
[PlyCount "37"]
[EventDate "1990.07.07"]
[EventType "swiss"]
[EventRounds "8"]
[EventCountry "ITA"]
[SourceTitle "EXT 2023"]
[Source "ChessBase"]
[SourceDate "2022.10.05"]
[SourceVersion "1"]
[SourceVersionDate "2022.10.05"]
[SourceQuality "1"]

1. d4 Nf6 2. c4 c5 3. Nf3 cxd4 4. Nxd4 g6 5. Nc3 Bg7 6. e4 Nc6 7. Be3 d6 8. Be2 0-0 9. 0-0 Bd7 10. f3 Nxd4 11. Bxd4 Bc6 12. Qd2 Nd7 13. Bxg7 Kxg7 14. Kh1 Qb6 15. Rad1 Rac8 16. b3 a5 17. Qd4+ Qxd4 18. Rxd4 Nc5 19. Rfd1 1/2-1/2